000 01209cam a22003377a 4500
003 CHAP
005 20220817043442.0
008 980604d1993 mx r 00110 spa d
010 _a75707
011 _a76679
035 _a86265
040 _cCHAP
090 _aFolleto 15103 (1993)
110 1 _aUACH. División de Ciencias Forestales
245 1 0 _aReglamento de la estructura básica y de apoyo de la División de Ciencias Forestales
_c/por UACH. División de Ciencias Forestales
250 _a2 ed. act.
260 _aChapingo, Méx. :
_bUACH. División de Ciencias Forestales,
_c1993.
300 _a42 p.
590 _aBATCH-UPD
_b10
_c20130110
_lUCH01
_h1914
590 _aBATCH-UPD
_b10
_c20130410
_lUCH01
_h1240
590 _aBATCH-UPD
_b10
_c20130914
_lUCH01
_h1312
590 _aCONVERSION
_b10
_c20130109
_lUCH01
_h1341
650 1 4 _aEnseñanza forestal.
_937093
650 1 4 _aEscuelas forestales.
_937653
901 _aBK
905 _aMayto Villalobos S.
942 _cFOLL
949 _aFolleto 15103 (1993)
_bBC
_cFOLL
_d862651
_eTS1
_i86265
_sb
949 _aFolleto 15103 (1993)
_bBC
_cFOLL
_d862652
_eTS2
_fc.2
_i86265
_sb
949 _aFolleto 15103 (1993)
_bBC
_cUACH
_d862653
_eUACH
_fc.3
_i86265
_sb
999 _c75707
_d75707